000 00673 a2200193 4500
020 _a0071154434 (paperback)
020 _a9780071154437 (paperback)
090 _c4085
_d4085
100 1 _aBall, Donald.
245 1 0 _aInternational business :
_bthe challenge of global competition /
_cDonald Ball, Wendell McCulloch, Ball overrun.
250 _aInternat.2r.e. ed.
260 _a[S.l.] :
_bMcGraw-Hill Education (ISE Editions),
_c1998.
300 _a693 p.
500 _aImport.
700 1 _aMcCulloch, Wendell.
700 1 _aoverrun, Ball.
856 4 0 _3Amazon.com
_uhttp://www.amazon.com/exec/obidos/ASIN/0071154434/chopaconline-20
942 _aNBS
_cBK
_k658.049 INT
999 _c346541
_d346541